Giáo trình Giáo dục tích hợp ở bậc học mầm non Sách dùng cho hệ Cử nhân chuyên ngành Giáo dục Mầm non

Gồm các nội dung: Giáo dục tích hợp; Giáo dục tích hợp ở bậc học mầm non; Tổ chức hoạt động giáo dục tích hợp theo chủ đề cho trẻ ở trường mầm non; và phần phụ lục: Thông tư số 17/2009/TT - BGDĐT ngày 25 tháng 7 năm 2009 của Bộ giáo dục v...

Descripció completa

Guardat en:
Dades bibliogràfiques
Autor principal: Nguyễn, Thị Hòa
Format: Llibre
Idioma:Undetermined
Publicat: H. Đại học sư phạm 2014
Matèries:
Accés en línia:http://lrc.tdmu.edu.vn/opac/search/detail.asp?aID=2&ID=22049
Etiquetes: Afegir etiqueta
Sense etiquetes, Sigues el primer a etiquetar aquest registre!
Thư viện lưu trữ: Trung tâm Học liệu Trường Đại học Thủ Dầu Một
LEADER 01257nam a2200217Ia 4500
001 TDMU_22049
008 210410s9999 xx 000 0 und d
082 |a 372.21 
090 |b NG527 
100 |a Nguyễn, Thị Hòa 
245 0 |a Giáo trình Giáo dục tích hợp ở bậc học mầm non 
245 0 |b Sách dùng cho hệ Cử nhân chuyên ngành Giáo dục Mầm non 
245 0 |c Nguyễn Thị Hòa 
260 |a H. 
260 |b Đại học sư phạm 
260 |c 2014 
300 |a 158tr. 
520 |a Gồm các nội dung: Giáo dục tích hợp; Giáo dục tích hợp ở bậc học mầm non; Tổ chức hoạt động giáo dục tích hợp theo chủ đề cho trẻ ở trường mầm non; và phần phụ lục: Thông tư số 17/2009/TT - BGDĐT ngày 25 tháng 7 năm 2009 của Bộ giáo dục và đào tạo ban hành chương trình giáo dục mầm non 
650 |a Giáo dục mầm non  |x Giáo dục tích hợp; Giáo dục tích hợp  |x Trẻ mầm non 
856 |u http://lrc.tdmu.edu.vn/opac/search/detail.asp?aID=2&ID=22049 
980 |a Trung tâm Học liệu Trường Đại học Thủ Dầu Một